ბათუმის შოთა რუსთაველის სახელმწიფო უნივერსიტეტის ბიბლიოთეკა

The Behavior Code : (ბიბ.ჩანაწერი № 49874)

000 -LEADER
fixed length control field 00768nam a2200229Ia 4500
001 - CONTROL NUMBER
control field 16809
003 - CONTROL NUMBER IDENTIFIER
control field GE_BSU
005 - DATE AND TIME OF LATEST TRANSACTION
control field 20200203103035.0
008 - FIXED-LENGTH DATA ELEMENTS--GENERAL INFORMATION
fixed length control field 181216s2015||||e |||||||||||||| ||eng||
020 ## - INTERNATIONAL STANDARD BOOK NUMBER
International Standard Book Number 9781612501369
040 ## - CATALOGING SOURCE
Transcribing agency GE_BSU
080 ## - UNIVERSAL DECIMAL CLASSIFICATION NUMBER
Universal Decimal Classification number 159.943.1+37 M-73
100 ## - MAIN ENTRY--PERSONAL NAME
Personal name Minahan, Jessica.
9 (RLIN) 6665
245 #4 - TITLE STATEMENT
Title The Behavior Code :
Remainder of title A practical Guide to Understanding the Most Chalerging Students /
Statement of responsibility, etc. Minahan Jessica ; Nancy Rappapor.
260 ## - PUBLICATION, DISTRIBUTION, ETC.
Date of publication, distribution, etc. Cambridge,Massachusetts :
Place of publication, distribution, etc. Harvard Education Press;,
Name of publisher, distributor, etc. 2015.
300 ## - PHYSICAL DESCRIPTION
Extent 268 p .:
Dimensions ,23 cm.
653 ## - INDEX TERM--UNCONTROLLED
Uncontrolled term პედაგოგიკა
653 ## - INDEX TERM--UNCONTROLLED
Uncontrolled term ფსიქოლოგია
653 ## - INDEX TERM--UNCONTROLLED
Uncontrolled term ქცევის კოდექსი
700 ## - ADDED ENTRY--PERSONAL NAME
Personal name Rappapor, Nancy
9 (RLIN) 6666
942 ## - ADDED ENTRY ELEMENTS (KOHA)
Koha item type წიგნი
Source of classification or shelving scheme
ეგზემპლარები
Withdrawn status Lost status Source of classification or shelving scheme Damaged status Not for loan Permanent Location Current Location Shelving location Date acquired Cost, normal purchase price Full call number Barcode Date last seen Copy number Price effective from Koha item type Public note
          ბათუმის შოთა რუსთაველის სახელმწიფო უნივერსიტეტის მთავარი ბიბლიოთეკა ბათუმის შოთა რუსთაველის სახელმწიფო უნივერსიტეტის მთავარი ბიბლიოთეკა წიგნსაცავი 2018-12-17 99.00 159.943.1+37 M-73 45142 2018-12-17 45142 2018-12-17 წიგნი 99 gel.